000 00529 a2200157 4500
003 Nust
005 20170207154034.0
040 _cNust
100 _a T. B. Ward
245 _aFunctional Analysis Lecture Notes(E-BOOK)
_c T. B. Ward
260 _bUniversity of East Anglia
_c2003
300 _a73p
505 _aNormed Linear Spaces (Page-5) Banach spaces (Page-17) Linear Transformations (Page-29) Integration (Page-43) Hilbert spaces (Page-47) Fourier analysis (Page-59)
650 _aFunctional Analysis Lecture
651 _aE-BOOK
942 _2ddc
_cBK
999 _c192321
_d192321